00325nam a2200133Ia 4500008004100000020001500041041001200056082001600068100001700084245005000101260002500151300000800176650000700184221030s9999 xx 000 0 und d a0074515861 aEnglish a105.23bDho aP. S. Dhogal 0aBasic Electrical Engineeringcby P. S. Dhogal bTMHaNew Delhic2000 a257 aEE